00806cam a2200241 a 4500999001500000001000500015003000900020005001700029008004100046020001600087020001800103040003800121082001600159100002100175245007600196260003300272300002800305504005100333650003100384700002300415942001200438952011400450 c3911d39116238BD-DhUAP20200315122331.0200315s20061992bg abf b f000 0 eng  a8178080885  a9788178080888 aBD-DhUAPcBD-DhUAPdBD-DhUAPbEng a425 QUI223 aQuirk, Randolph. aA university grammar of English /cRandolph Quirk and Sidney Greenbaum. aHarlow : bLongman, cc1973. axi, 484 pages ;c22 cm. aIncludes bibliographical references and index. aEnglish languagevGrammar. aGreenbaum, Sidney  2ddccBK 00102ddc4070aUAPCLbUAPCLcGeneral Stacksd2020-03-15o425 QUIp3010006238r2020-03-15t1w2020-03-15yBK